Catálogo

Williams obstetricia / (Registro nro. 50706)

Detalles MARC
000 -LEADER
fixed length control field 01688cam a2200373 i 4500
001 - CONTROL NUMBER
control field 50706
003 - CONTROL NUMBER IDENTIFIER
control field Mx-PuUPA
005 - DATE AND TIME OF LATEST TRANSACTION
control field 20251020135443.0
008 - FIXED-LENGTH DATA ELEMENTS--GENERAL INFORMATION
fixed length control field 140415s2022 mx ad fr 000 0 spa d
020 ## - INTERNATIONAL STANDARD BOOK NUMBER
International Standard Book Number 9786071518286
040 ## - CATALOGING SOURCE
Original cataloging agency Mx-PuUPA
Transcribing agency Mx-PuUPA
Language of cataloging spa
Modifying agency Mx-PuUPA
Description conventions rda
041 1# - LANGUAGE CODE
Language code of text/sound track or separate title spa
Language code of original eng
100 1# - MAIN ENTRY--PERSONAL NAME
Personal name Cunningham, Gary F.,
Relator term autor
240 10 - UNIFORM TITLE
Uniform title Williams obstetrics.
Language of a work Español
245 10 - TITLE STATEMENT
Title Williams obstetricia /
Statement of responsibility, etc. F. Gary Cunningham, Kenneth J. Leveno, Jodi S. Dashe [y otros tres] ; traducción, M&N Medical Solutrad
250 ## - EDITION STATEMENT
Edition statement Primera edición
264 #1 - PRODUCTION, PUBLICATION, DISTRIBUTION, MANUFACTURE, AND COPYRIGHT NOTICE
Place of production, publication, distribution, manufacture Ciudad de México :
Name of producer, publisher, distributor, manufacturer McGrawHill Interamericana Editores,
Date of production, publication, distribution, manufacture, or copyright notice ©2022
300 ## - PHYSICAL DESCRIPTION
Extent xvi, 1306 páginas :
Other physical details ilustraciones, gráficas, diagramas, tablas (en color) ;
Dimensions 28 cm
336 ## - CONTENT TYPE
Fuente rdacontent
Content type term texto
Content type code txt
336 ## - CONTENT TYPE
Fuente rdacontent
Content type term imagen fija
Content type code sti
337 ## - MEDIA TYPE
Source rdamedia
Media type term sin medio
Media type code n
338 ## - CARRIER TYPE
Source rdacarrier
Carrier type term volumen
Carrier type code nc
650 #7 - SUBJECT ADDED ENTRY--TOPICAL TERM
Source of heading or term armarc
Topical term or geographic name entry element Obstetricia
700 1# - ADDED ENTRY--PERSONAL NAME
Personal name Leveno, Kenneth J.,
Relator term autor
9 (RLIN) 1118
700 1# - ADDED ENTRY--PERSONAL NAME
Personal name Dashe, Jodi S.,
Relator term autor
710 2# - ADDED ENTRY--CORPORATE NAME
Corporate name or jurisdiction name as entry element M&N Medical Solutrad,
Relator term traductor
765 0# - ORIGINAL LANGUAGE ENTRY
Main entry heading Cunningham, Gary F.,
Title Williams obstetrics.
Place, publisher, and date of publication New York : McGraw-hill, ©2022
Edition Vigesimosexta edición
International Standard Book Number 9781260462739
942 ## - ADDED ENTRY ELEMENTS (KOHA)
Source of classification or shelving scheme Dewey Decimal Classification
Koha item type Libro
Classification part 618.2
Item part C7218
Existencias
Withdrawn status Lost status Source of classification or shelving scheme Damaged status Not for loan Collection code Home library Current library Shelving location Date acquired Source of acquisition Cost, normal purchase price Total Checkouts Full call number Barcode Date last seen Cost, replacement price Price effective from Koha item type Copy number
    Dewey Decimal Classification     General Biblioteca Karol Wojtyla Biblioteca Karol Wojtyla Sala general 07/11/2024 12 2150.00   618.2 C972 2022 105608 06/02/2026 2150.00 07/11/2024 Reserva permanente  
    Dewey Decimal Classification     General Biblioteca Karol Wojtyla Biblioteca Karol Wojtyla Sala general 21/10/2025 12 2447.00   618.2 C7218 2022 106130 06/05/2026 2447.00 21/10/2025 Reserva permanente Ej.2